| 000 | 01244nam a22002537a 4500 | ||
|---|---|---|---|
| 003 | BD-DhUL | ||
| 005 | 20240516132211.0 | ||
| 008 | 240515s2022 bg a|||| b||| 00| 0 ben | ||
| 020 | _a9789840761319 (hbk) | ||
| 040 |
_aBD-DhUL _cBD-DhUL |
||
| 082 |
_223 _a891.442009 _bANN |
||
| 100 | 1 | 0 | _aআনছার, রুবেল |
| 245 |
_aনাট্যকলায় বঙ্গবন্ধু / _cরুবেল আনছার। |
||
| 260 |
_aঢাকা : _bবাংলা একাডেমি, _c২০২২ । |
||
| 300 |
_a১৬৮ পৃ. : _bচিত্র ; _c২২ সেমি |
||
| 365 |
_aBDT _b180 |
||
| 490 |
_aজাতির পিতা বঙ্গবন্ধু শেখ মুজিবুর রহমান জন্মশতবর্ষ গ্রন্থমালা ; _v৫১ |
||
| 504 | _aগ্রন্থপঞ্জি: পৃ. ১৬৩-১৬৮ । গ্রন্থপঞ্জিগত তথ্য সংবলিত । | ||
| 650 | 4 |
_aবাংলা নাটক _vইতিহাস ও সমালোচনা |
|
| 650 | 4 |
_aBengali drama _vHistory and criticism |
|
| 651 | 4 |
_aবাংলাদেশ _vইতিহাস |
|
| 651 | 4 |
_aBangladesh _vHistory |
|
| 942 |
_2ddc _cBK |
||
| 999 |
_c259388 _d259388 |
||